000 00738nam a2200241Ia 4500
005 20250425162226.0
008 250425s9999 xx 000 0 und d
020 _a9213332645
041 _aspa
082 _a341.7566
100 _aCONVENCION NACIONAL, SOBRE EL DERECHO DEL MAR
245 0 _aEL DERECHO DEL MAR: CONVENCION DE LAS NACIONES UNIDAS SOBRE EL DERECHO DEL MAR
250 _a1A ED.
260 _aEstados Unidos
_bNACIONES UNIDAS
_c2001
260 _aNEW YORK
300 _a334
500 _aDIVISION DE ASUNTOS OCEANICOS Y DEL DERECHO DEL MAR OFICINA DE ASUNTOS JURIDICOS
650 _aCONVENCIONES INTERNACIONALES
650 _aDERECHOS DEL MAR
650 _aNACIONES UNIDAS
942 _c01
010 _a57920
999 _c224913
_d224913